Normal view
MARC view
Entry Topical Term
001 - CONTROL NUMBER
- control field: 55007
003 - CONTROL NUMBER IDENTIFIER
- control field: OSt
005 - DATE AND TIME OF LATEST TRANSACTION
- control field: 20241010141434.0
008 - FIXED-LENGTH DATA ELEMENTS
- fixed length control field: 241010|| aca||aabn | a|a d
040 ## - CATALOGING SOURCE
- Original cataloging agency: OSt
- Transcribing agency: OSt
150 ## - HEADING--TOPICAL TERM
- Topical term or geographic name entry element: အညာသီဟတောစေတီ
- Form subdivision: သမိုင်း
670 ## - SOURCE DATA FOUND
- Source citation: Work cat.: (OSt)16812: စောလင်း၊ ဦး၊ သီဟဗလ- သီရိပျံချီ- 55006, အညာသီဟတောစေတီတော်သမိုင်း /, [ခုနှစ်မပါ]